Ведомости полугодовые о состоянии училищ, полученные из Вятского приказа, за вторую половину 1789 года

Доступно только в Электронных читальных залах Найти на картеНа карте
RUSMARC
00005092nmc2a22002653x 450
00112dc9bb7-8c66-4cc6-bd5e-172325d99008
00520241209202149.0
100##$a20241008l17901790k l0rusy0189 ca
1010#$arus
102##$aRU
105##$ay###
1222#$ad
2001#$aВедомости полугодовые о состоянии училищ, полученные из Вятского приказа, за вторую половину 1789 года
$j25 января - 10 февраля 1790 г.
215##$a4 л.
$d35х22 см
251##$cДело
300##$aПопечитель народных училищ Федор Желтухин; секретарь Кирилл Сычугов
300##$aОриг. заголовок дела: Дело в Главное училищ правительство из Вятского приказа общественного призрения. Рапорт. Во исполнение высочайшего ее императорского величества народным училищам устава сочиненные в приказе общественного призрения училищ народных, в Вятском наместничестве находящихся, касающиеся по отделениям: 104 - ведомость о делах за сентябрьскую прошлого 1789 года треть, по 106 - из книг приходной и расходной подробный счет, по 71 и 105 - представленная в приказ этот директором училищ полная ведомость о состоянии в Вятском наместничестве народных училищ по 29 января при нем представляется. 25 января 1790 г. - 10 февраля 1790 г
371##$aДокумент не является опубликованным и широко распространяемым
461#0$100174716ac7-ef0a-4ce9-889f-df06b5c6e13c
$12001
$aКомиссия об учреждении народных училищ
$1251
$cФонд
$1852
$j730
462#0$1001e6616291-8022-4671-9001-59f853d67170
$12001
$aЖурналы заседаний и определения Комиссии; ведомости приказов общественного призрения о состоянии и бюджете училищ, учителях, успехах учеников
$1251
$cОпись
$1852
$j2
5171#$aДело в Главное училищ правительство из Вятского приказа общественного призрения. Рапорт. Во исполнение высочайшего ее императорского величества народным училищам устава сочиненные в приказе общественного призрения училищ народных, в Вятском наместничестве находящихся, касающиеся по отделениям: 104 - ведомость о делах за сентябрьскую прошлого 1789 года треть, по 106 - из книг приходной и расходной подробный счет, по 71 и 105 - представленная в приказ этот директором училищ полная ведомость о состоянии в Вятском наместничестве народных училищ по 29 января при нем представляется. 25 января 1790 г. - 10 февраля 1790 г
801#0$aRU
$bРГИА
$c20241008
$gRCR
801#1$aRU
$bГлавНИВЦ
$c20241008
$2rusmarc
801#2$aRU
$bПБ им. Б.Н. Ельцина
$c20241209
$gRCR
$2rusmarc
850##$aРГИА
852##$aРГИА
$eФедеральное казенное учреждение "Российский государственный исторический архив" (РГИА)
$j1376
937##$hРГИА
$d12414449
$aASBIBLIO_SCAN
035##$aRusGRCC00080018
856##$uhttp://readingroom.main.prlib.ru/item.aspx?id_node=n195204428&mode=full
Формат отображения